Chemical metallurgy : Principles and practice

שמור ב:
מידע ביבליוגרפי
מחבר ראשי: Gupta, Chiranjib Kumar
פורמט: ספר
שפה:Undetermined
יצא לאור: India Wiley - VCH 2003
נושאים:
תגים: הוספת תג
אין תגיות, היה/י הראשונ/ה לתייג את הרשומה!
Thư viện lưu trữ: Trung tâm Học liệu Trường Đại học Cần Thơ
LEADER 00542nam a2200205Ia 4500
001 CTU_65520
008 210402s9999 xx 000 0 und d
020 |b 2975000 
082 |a 669.9 
082 |b G976 
100 |a Gupta, Chiranjib Kumar 
245 0 |a Chemical metallurgy : 
245 0 |b Principles and practice 
245 0 |c Chiranjib Kumar Gupta 
260 |a India 
260 |b Wiley - VCH 
260 |c 2003 
650 |a Chemistry, metallurgic 
904 |i TUYẾN 
980 |a Trung tâm Học liệu Trường Đại học Cần Thơ